| 000 | 00410nam a22001457a 4500 | ||
|---|---|---|---|
| 005 | 20250123080438.0 | ||
| 008 | 250123b |||||||| |||| 00| 0 eng d | ||
| 020 | _a9788120721548 | ||
| 050 | _aRA425 PUR | ||
| 100 | _aPuri, Ajit S. | ||
| 245 |
_aHow to Prevent Common Serious Diseases/ _cAjit S. Puri |
||
| 260 |
_aNew Delhi _bSterling Paperbacks _c2001 |
||
| 300 |
_ax. 335p. _bill. _c21.5cm |
||
| 942 |
_2lcc _cBK _n0 |
||
| 999 |
_c2869 _d2869 |
||